Normal view
MARC view
- Al-qura’an, Asma’a Adel Awad
Entry Personal Name
001 - CONTROL NUMBER
- control field: 66603
003 - CONTROL NUMBER IDENTIFIER
- control field: JO-AjAnu
005 - DATE AND TIME OF LATEST TRANSACTION
- control field: 20250715225858.0
008 - FIXED-LENGTH DATA ELEMENTS
- fixed length control field: 250715|| aca||aabn | a|a d
040 ## - CATALOGING SOURCE
- Original cataloging agency: JO-AjAnu
100 ## - HEADING--PERSONAL NAME
- Personal name: Al-qura’an, Asma’a Adel Awad
- Relator term: preparer